| 000 | 00000nam 2200000za 4500 |
| 001 | 9.842489 |
| 003 | CaOODSP |
| 005 | 20250218093139 |
| 007 | cr ||||||||||| |
| 008 | 170911s2004 onca |o f|0| 0 iku d |
| 040 | |aCaOODSP|bfre |
| 043 | |an-cn--- |
| 086 | 1 |aFA3-127/2004Iku2-PDF|zFA3-127/2004S-PDF |
| 110 | 1 |aCanada. |bBureau du vérificateur général. |
| 245 | 10|a[Rétrospective et perspectives |h[ressource électronique] : |bpremier rapport de la vérificatrice générale à la deuxième législature de l’Assemblée du Nunavut 2004]. |
| 250 | |a[Édition inuktitut]. |
| 260 | |a[Ottawa] : |bVérificatrice générale du Canada, |c2004. |
| 300 | |a70 p. : |bill. |
| 500 | |aTitre français fourni par l’éditeur. |
| 500 | |aPublié aussi en français sous le titre : Rétrospective et perspectives : premier rapport de la vérificatrice générale à la deuxième législature de l’Assemblée du Nunavut 2004. |
| 546 | |aTexte en inuktitut. |
| 692 | 07|2gccst|aVérification |
| 692 | 07|2gccst|aAssemblée législative |
| 775 | 08|tRétrospective et perspectives |w(CaOODSP)9.842484 |
| 791 | |t[Looking back and moving forward |eeng|w(CaOODSP)9.842487 |
| 856 | 40|qPDF|s640 Ko|uhttps://publications.gc.ca/collections/collection_2017/bvg-oag/FA3-127-2004-iku.pdf |